Countries With a C and L - Statistics

General Stats
  • This quiz has been taken 36 times
  • The average score is 8 of 11
Answer Stats
Answer % Correct
Chile
90%
Colombia
90%
D.R. Congo
83%
Central African Republic
79%
Rep. of the Congo
79%
Liechtenstein
76%
Dominican Republic
72%
Czech Republic
62%
St. Lucia
59%
Iceland
52%
Seychelles
52%
No matching quizzes found
Score Distribution
Percent of People with Each Score
Percentile by Number Answered
Your Score History
You have not taken this quiz